Zľavu poskytujeme okamžite

Otvorenie novej predajne hobbymarketového reťazca Hornbach v Bratislave. Každé oddelenie má svoje poradenské centrum a fundovaného odborníka. Rozdelenie sortimentu v Hornbachu. "Drive in" v predaji stavebných materiálov. Novinkou sú živé zvieratá. Cenotvorba - zľavy poskytujú okamžite. Ľudské zdroje...

Description complète

Enregistré dans:
Détails bibliographiques
Auteur principal: Košťál, Daniel
Format: Chapitre de livre
Langue:slovaque
Sujets:
Tags: Ajouter un tag
Pas de tags, Soyez le premier à ajouter un tag!

MARC

LEADER 00000naa$a2200000$$$4500
001 0017739
005 20231107125343.7
041 0 |a slo 
044 |a SK 
245 1 0 |a Zľavu poskytujeme okamžite  |c aut. Daniel Košťál 
520 |a Otvorenie novej predajne hobbymarketového reťazca Hornbach v Bratislave. Každé oddelenie má svoje poradenské centrum a fundovaného odborníka. Rozdelenie sortimentu v Hornbachu. "Drive in" v predaji stavebných materiálov. Novinkou sú živé zvieratá. Cenotvorba - zľavy poskytujú okamžite. Ľudské zdroje. 
610 2 0 |a reťazce obchodné 
610 2 0 |a Slovensko 
100 1 |a Košťál, Daniel